Effectif HBC Nantes 2026 - Statistiques

Statistiques générales
  • Ce quiz a été pris 10 fois
  • Le résultat moyen est 14 sur 27
Statistiques - réponses
Poste Nationalité Numéro Réponse % Correct
Demi-centre France 4 Aymeric Minne
100%
Arrière droit France 13 Julien Bos
100%
Pivot France 11 Nicolas Tournat
100%
Arrière gauche France 3 Thibaud Briet
100%
Gardien Croatie 1 Ivan Pesic
89%
Ailier gauche Suisse 17 Noam Leopold
89%
Arrière droit Algérie 18 Ayoub Abdi
78%
Ailier gauche Espagne 7 Valero Rivera
78%
Demi-centre Espagne 6 Ian Tarrafeta
67%
Gardien Espagne 16 Ignacio Biosca
67%
Ailier droit Espagne 19 Kauldi Odriozola
67%
Arrière gauche France 2 Romain Lagarde
67%
Pivot Japon 5 Shuichi Yoshida
67%
Pivot Slovénie 15 Matej Gaber
44%
Demi-centre France 8 O'Brian Nyateu
44%
Demi-centre Slovénie 10 Rok Ovnicek
44%
Ailier droit France 9 Theo Avelange Demouge
44%
Gardien France 12 Sirius Rambaud
33%
Demi-centre France 26 Henry Sacha
22%
Gardien France 30 Julien Salmon
22%
Ailier gauche France 24 Yoni Peyrabout
22%
Ailier droit France 23 Edgar Gohier
11%
Arrière droit France 25 Jules Berriau
11%
Pivot France 28 Andre Wenkegheu Tchambou
0%
Pivot France 22 Gabriel Ledoux
0%
Pivot France 21 Mathys Lobgeois
0%
Arrière droit RDC 20 Salomon Nassequela
0%
Aucun quiz correspondant
Distribution des résultats
% des personnes avec chaque résultat
Percentile par nombre de réponses
Votre historique - résultats
Vous n’avez pas pris ce quiz